| 000 | 01425cam a2200361 a 4500 | ||
|---|---|---|---|
| 999 |
_c342633 _d342633 |
||
| 001 | 17256837 | ||
| 003 | NUST | ||
| 005 | 20180111103512.0 | ||
| 008 | 120416s2012 nyuaf 000 0ceng | ||
| 010 | _a 2012006060 | ||
| 020 | _a9781451661217 (hardcover) | ||
| 020 | _a1451661215 (hardcover) | ||
| 020 | _a9781451661309 (trade paper) | ||
| 020 | _a1451661304 (trade paper) | ||
| 020 | _a9781451661224 (ebook) | ||
| 020 | _a1451661223 (ebook) | ||
| 040 |
_aDLC _cDLC _dDLC |
||
| 042 | _apcc | ||
| 043 | _an-us--- | ||
| 050 | 0 | 0 |
_aBX8643.P63 _bS57 2012 |
| 082 | 0 | 0 |
_a306.8423 _bBEC |
| 245 | 0 | 0 |
_aBecoming sister wives : _bthe story of an unconventional marriage / _cKody ... Brown. |
| 250 | _a1st Gallery Books hardcover ed. | ||
| 260 |
_aNew York : _bGallery Books, _c2012. |
||
| 300 |
_ax, 271 p., [8] p. of plates : _bcol. ill., geneal. tables ; _c25 cm. |
||
| 600 | 3 | 0 |
_aBrown family. _98262 |
| 610 | 2 | 0 |
_aFundamentalist Church of Jesus Christ of Latter Day Saints _xDoctrines. _98263 |
| 630 | 0 | 0 |
_aSister wives (Television program) _98264 |
| 650 | 0 |
_aPolygamy _zUnited States. _98265 |
|
| 650 | 0 |
_aMormon women _vBiography. _98266 |
|
| 700 | 1 |
_aBrown, Kody. _98267 |
|
| 906 |
_a7 _bcbc _corignew _d1 _eecip _f20 _gy-gencatlg |
||
| 942 |
_2ddc _cBK |
||